LEVENT TÜRKİYEYİ GEZİYORUM 33 ESKİŞEHİR DE (Record no. 641997)

MARC details
000 -LEADER
sabit uzunluktaki kontrol alanı 00272nam a2200097Ia 4500
001 - KONTROL NUMARASI
kontrol alanı 641997
005 - EN SON İŞLEMİN TARİH VE ZAMANI
kontrol alanı 20250826153518.0
008 - SABİT-UZUNLUKTA VERİ ÖĞELERİ--GENEL BİLGİ
sabit uzunluktaki kontrol alanı 250824s9999 xx 000 0 und d
245 #0 - ESER / YAZAR
ESER ADI LEVENT TÜRKİYEYİ GEZİYORUM 33 ESKİŞEHİR DE
Yazar Adı MUSTAFA ORAKÇI
260 ## - YAYIN, DAĞITIM, VB.
YAYIN EVİ TİMAŞ ÇOCUK
Holdings
Düşüm durumu Kayıp durumu Hasar Durumu Ödünç verilmez Ana kütüphane Geçerli Kütüphane Edinilen tarih Toplam ödünç verme sayısı Barkod Son görüntüleme tarihi Son ödünç verme tarihi Fiyatın geçerli olmaya başladığı tarih Koha materyal türü
        ABİDİN SANİYE ERÇAL İLKOKULU ABİDİN SANİYE ERÇAL İLKOKULU 24.08.2025 2 10012258 09.03.2026 18.12.2025 26.08.2025 Books